000 00426nam a2200145Ia 4500
008 240126s9999 xx 000 0 und d
041 _aEnglish
245 0 _aJournal of Environmental Economics (2005 - May 2009) : Ceased publication
260 _bICFAI
_aHyderabad
440 _aNULL
520 _aSubs.No : IJEE/141 117357/112006
650 _aICFAI,Economics,(2005,-
650 _aManagement, Economics
942 _cJN
999 _c260446
_d260446